Fizika : Spravočnyje materialy /

Salvato in:
Dettagli Bibliografici
Autore principale: Kabardin, O.F (Autore)
Natura: Libro
Lingua:russo
Pubblicazione: Moskva : Prosveščenije, 1988
Edizione:2.izd.
Tags: Aggiungi Tag
Nessun Tag, puoi essere il primo ad aggiungerne!!

MARC

LEADER 00000nam a22000003a 4500
001 stu3197
005 20150617225615.7
008 930301s1988----xxr-----------------rus-d
040 |a STU  |b slo 
041 0 |a rus 
044 |a xxr 
080 |a 53  |7 stu_us_auth*stu7966 
100 1 |a Kabardin, O.F  |4 aut 
245 1 |a Fizika :  |b Spravočnyje materialy /  |c [aut.] Kabardin,O.F 
250 |a 2.izd. 
260 |a Moskva :  |b Prosveščenije,  |c 1988 
300 |a 367 s 
996 |b E67665  |c E*67665  |l EE10  |s P  |a 0  |w stu3197_0001